Quizzes
Events
Quiz Creation
Community
Videos
Private Events
Remove Ads
Sign In
Join for FREE
Feedback
Dark Mode
Quiz Categories
Sports
Geography
Music
Movies
Television
Just For Fun
Miscellaneous
History
Literature
Language
Science
Gaming
Entertainment
Religion
Holiday
For Kids
Quiz Lab
Recent
Popular Today
Quiz Kudos Today
Editor Picks
Curator Picks
Quizzes by...
Day
Popularity
Type
Ratings
Length
Year
Community
Subscriptions
Recent Discussions
Orange Saloon
Badges
Playlists
Quests
Create
Leaderboards
Showdown
Live 5
Trivia Bingo
Activity
Puzzle Library
Sporcle Events
Private Events
Virtual Trivia
Globe League
Become a Host
Pub Owners
SporcleCon
Opinionation
Our Games
Videos
Blog
Mobile Apps
Partnerships
Remove Ads and Go Orange
Feedback
Just For Fun
Clickable
Get the Picture
Humor
Quick Pick
Word Ladder
Missing Word
Mixed Word
Blitz
Minefield
This or That
Alphabet
Color
Typing
Sporcle
Puzzle
Word Play
Follow That Line
Logic
Just For Fun
Clickable
Get the Picture
Humor
Quick Pick
Word Ladder
Missing Word
Mixed Word
Blitz
Minefield
This or That
Alphabet
Color
Typing
Sporcle
Puzzle
Word Play
Follow That Line
Logic
Random Quiz
Search Sporcle
×
Quiz Lab
Quiz Lab
Just For Fun
too
Type in answers that appear in a list
Type in answers that appear in a list
Classic
Best Score? Go Orange.
Who's their Kits? Stats
Can you name the Who do the kits belong too??
By
Firestar
12m
50 Questions
16 Plays
16 Plays
16 Plays
Comments
Comments
Give Quiz Kudos
Give Quiz Kudos
-
- Ratings
hide this ad
More Info
Random Order
Randomize order of answers
Randomize order of answers
Replay
Link that replays current quiz
Next Quiz
Link to next quiz in quiz playlist
You Got
0%
They Got
Avg Score
60%
Avg Friend Score
Upgrade to see
Score Distribution
Jump to the score distribution portion of the page
Score
0/50
Timer
12:00
0
Plays Today
Mother
Kitten
% Correct
LeafPool
LionBlaze
87.5%
Princess
Cloudtail
81.3%
LeafPool
Hollyleaf
81.3%
LeafPool
JayFeather
81.3%
MoonFlower
BlueStar
75%
SnowFur
WhiteStorm
75%
SandStorm
LeafPool
75%
BrightHeart
WhiteWing
75%
WhiteWing
IvyPool
75%
WhiteWing
Dove-Wing
75%
NutMeg
Firestar
75%
Sasha
MothWing
75%
GoldenFlower
BrambleStar
75%
YellowFang
BrokenStar
75%
FernCloud
BirchFall
75%
MoonFlower
SnowFur
68.8%
SorrelTail
Cinderheart
68.8%
NutMeg
Princess
68.8%
TawnyPelt
FlameTail
68.8%
SorrelTail
PoppyFrost
62.5%
SorrelTail
MolePaw
62.5%
Quince
Ruby
62.5%
LeopardFoot
TigerStar
62.5%
FernCloud
FoxLeap
62.5%
FernCloud
SpiderLeg
62.5%
Mother
Kitten
% Correct
FernCloud
LarchKit
62.5%
FernCloud
HollyKit
62.5%
FernCloud
IceCloud
62.5%
PoppyFrost
MolePaw
62.5%
Daisy
BerryNose
62.5%
Daisy
MouseWhisker
62.5%
BrindleFace
SandStorm
56.3%
SorrelTail
HoneyFern
56.3%
Quince
Socks
56.3%
PoppyDawn
ThistleClaw
56.3%
SpeckleTail
LionHeart
56.3%
TawnyPelt
TigerHeart
56.3%
FernCloud
ShrewPaw
56.3%
PoppyDawn
SweetPaw
43.8%
PoppyDawn
RoseTail
43.8%
SpeckleTail
GoldenFlower
43.8%
FeatherStorm
RaggedStar
43.8%
PoppyFrost
CherryPaw
43.8%
Daisy
RosePetal
43.8%
BrightFlower
YellowFang
37.5%
RobinWing
RavenPaw
37.5%
SorrelTail
SeedKit
37.5%
SorrelTail
LilyKit
37.5%
Quince
Scouge
12.5%
TawnyPelt
DawnHeart
12.5%
Quiz Playlist
Details
Report
Send in Message
Add To Playlist
More Info:
Please Tell me what you Think ;) I've only done 50 But if people like it i'll make another
Classic:
Type in answers that appear in a list
Random Order:
Randomize order of answers
Last Updated: Feb 16, 2017
Quiz Scoreboard
CHALLENGE
Sign Up to Join the Scoreboard
Show All
Scores
Hide
Comments
May contain spoilers
Recently Published
Movies - When Are They Set?
by FPL_Elf
Movies
5m
Popular People in 1961
by mucciniale
History
6m
1-10 Letter E Words III
by El_Dandy
Language
2m
More to Explore
Quiz From the Vault
Featured Blog Post
Where Did the Easter Bunny Come From?
hide this ad
You Might Also Like...
Tags
Father
kit
Mother
too
Today's Top Quizzes in Just For Fun
Browse Just For Fun
hide this ad
Today's Top Quizzes in too
Browse too
Top Contributed Quizzes in Just For Fun
1
Harry Potter Logic - 'In Chains' II
2
Crossword Whiteout! 49
3
Survivor Winners Logic Puzzle
4
1-30 Clickable Mines
5
Harry Potter Logic Puzzle
6
one piece logic puzzle
7
Thermometer Puzzle 25
8
Zeroing In: Just For Fun
9
Word Ladder: Ahoy Matey
10
Aquarium Logic Puzzle 17
Explore More
Trending Topics
Disney
Crossword
Kpop
NBA
Marvel
Anime
Harry Potter
Pokémon
Country
Song
Puzzle
The Office
Soccer
WWE
NFL
hide this ad
More By:
Firestar
Quiz
Plays
Rating
Category
Featured
Created
Name the Warrior cats [every book]
309
3.00
Just For Fun
Oct 29, 2012
Who's their Kits?
16
4.00
Just For Fun
Jan 6, 2013
Simpson characters
14
1.00
Just For Fun
Nov 8, 2012
Go to Creator's Profile
Score Distribution
Quiz Creator Spotlight
Firestar
Follow
Send a Message
Quizzes Created
-
Created Quiz Play Count
-
More By This Creator
Popular Quizzes Today
1
Find the Countries of Europe - No Outlines Minefield
2
Find the US States - No Outlines Minefield
3
The Countries of the World
4
Popular People in 1961
5
US States
6
1-10 Letter E Words III
7
Find the US States
8
One Thing in Common: World Cities II
More Just For Fun Quizzes
Word Ladder: Thanksgiving Meal
Published
Trending Quizzes
Risky Map Clicking: Least Populous States A-Z
1-10 Letter F Words
1-10 Letter G Words
One Thing in Common: United Kingdom
Risky Map Clicking: Next State Alphabetically
Recently Updated
Leaping Animals
pecheneg
Reality TV Shows (A-Z)
bhenderson79
Rickey Henderson's Hall of Fame Teammates
pecheneg
Champions League XIs: Arsenal
pecheneg
Quick Pick: Celebrities in WWE's Hall of Fame
aduchscher
A-Z Keypad Blitz II
pecheneg
Multiple Oscar Actors
pecheneg
Mystery Phrase Blitz: Oscar 'Best Actors'
pecheneg
F. Scott Fitzgerald Novels
LTH
Pick 3 Villains
ddd62291
Trending Topics
Crossword
Anime
Marvel
Kpop
NBA
Harry Potter
Disney
Song
WWE
The Office
NFL
Country
Puzzle
Pokémon
Soccer
Your Account Isn't Verified!
In order to create a playlist on Sporcle, you need to verify the email address you used during registration. Go to your
Sporcle Settings
to finish the process.
Report this User
Report this user for behavior that violates our
Community Guidelines
.
Details:
Send Report
Go to the Sporcle.com Mobile Site →
Comments